000 00302 a2200145 4500
001 177701
020 _a
040 _cMagnum
100 _aZorzi,jaime Luiz
240 1 0 _aAprender a escrever
_lpor
245 1 0 _aAprender a escrever
362 0 _a1899
697 _aMAGNITO: PEDAGOGIA
942 _cBK
999 _c177701
_d177701